01012nam a2200229Ia 4500001000900000003001000009008004100019040002500060041001300085100001700098245002100115250001100136260006000147500011000207501011400317520011000431650002900541942000700570957000600577999004100583952015800624L099-461IT-CnALBA170116s9999||||xx |||||||||||||| ||und|| aIT-CnALBAcIT-CnALBA aITALIANO aSENZA AUTORE 0aL'ANIMA DI DIO.  a8a ed. aMILANObAMBROSIANA. CASA EDITRICEc1925 [1° Ed.: n.d.] aPREGHIERE. LA RICONCILIAZIONE. LA PREGHIERA DELLA CHIESA. LITURGIA ROMANA. MEDITAZIONI. LA VITA MISTICA.  aSocietà San Paolo EM - Piazza San Paolo, 14 - 12051 ALBA (CN) (non commercial uses only) ® Copyright 2017 aPREGHIERE. LA RICONCILIAZIONE. LA PREGHIERA DELLA CHIESA. LITURGIA ROMANA. MEDITAZIONI. LA VITA MISTICA.  aLIBRI DI PICCOLO FORMATO cBK 71 a560bSI g Copie: 1 c259697d259697 0010406L_09946171aALBAbALBAd2017-01-16l0oL099-461r2017-01-16 00:00:00w2017-01-16yBKz(data import: 16 gennaio 2017) - By Epidotti, Vaglietti.